000 00555cab a2200205 4500
001 WB2710-52
008 090401t1991 xxu||||| |||| 00| 0 eng d
035 _a(Sirsi) u28295
041 _aeng
245 _aUrban plan for Thames corridor
260 _c1991
350 _a0
490 _aIndependent
_v7/3/91 p5
520 _aSoS for the Environment has announced plans for a form of urban development corporation for the Thames Corridor .
650 _aLDDC
650 _aLONDON
690 _aURBAN RENEWAL
942 _n0
948 _c04/03/1997
999 _c19070
_d19070